| 000 | 01000nam a22002897a 4500 | ||
|---|---|---|---|
| 001 | 9358 | ||
| 003 | FISKH | ||
| 005 | 20251211164300.0 | ||
| 008 | 251211b cb ||||| |||| 00| 0 eng d | ||
| 020 | _a9780061243356 | ||
| 040 |
_aFISKH _beng _cFISKH _dFISKH |
||
| 050 | _aPZ7.F19876 S | ||
| 082 | _a813.6 | ||
| 100 |
_aFan, Nancy Yi _eAuthor |
||
| 245 |
_aSword quest / _cNancy Yi Fan ; Illustrations by Jo-Anne Rioux |
||
| 260 |
_aNew York : _bHarperCollins Children's Books , _c2008 |
||
| 300 |
_a272 pages : _billustrations ; _c22 cm |
||
| 490 |
_aSwordbird : _vPrequel |
||
| 505 | _aR | ||
| 520 | _aWind-voice, a dove, seeks a sword made magical by the Great Spirit himself in order to save the world of birds from destroying themselves at war, but first he must confront an evil rival, archaeopteryx Maldeor. | ||
| 521 | 8 |
_a740
_bLexile |
|
| 521 | 8 |
_aR
_bRaz-Plus |
|
| 650 |
_aFiction _vFantasy |
||
| 700 |
_aRioux, Jo-Anne _eIllustrator |
||
| 942 |
_2ddc _cBK _n0 |
||
| 999 |
_c9358 _d9358 |
||